000 00312nam a22001217a 4500
003 OSt
008 231114b |||||||| |||| 00| 0 eng d
041 _amal
100 _aVishnuswaroop
_95611
245 _aVeetinakathoru poonthottam
260 _aThiruvananthapuram :
_bKerala Bhasha Institute,
_c1979.
942 _cBK
999 _c17824
_d17824